1770 1491 1272 1962 1713 1700 1370 1453 1873 1945 1197 1889 1302 1945 1149 1937 1166 1769 1890 1840 1451 1584 1502 1218 1206 1429 1771 1052 1618 1130 1024 1686 1495 1630 1185 1987 1009 1457 1609 1887 1839 1217 1634 1684 1266 1018 1882 1482 1159 1763 1581 1981 1320 1102 1112 1743 1305 1562 1230 1191 1059 1788 1915 1319 1380 1418 1831 1552 1836 1079 1644 1900 1783 1888 1707 1510 1288 1708 1566 1277 1107 1908 1094 1088 1113 1878 1990 1706 1239 1786 1672 1712 1592 1163 1446 1104 1135 1491 1471 BCNSPRNW ULIB Ver.6.0+V

เปลี่ยนเป็นภาษาไทย

Change to English
 แสดงรายละเอียดบรรณานุกรม
  กลับหน้าหลัก

Brief Record : Get Marc (ISO 2709) : E-mail record : QR code < ปิดหน้าต่าง
LEADER : 00000nam 2200000uu 4500
001    13399113256
003     ULIB
008    111004s2544||||th 000 0 tha d
020    9741313009
050  4 QH541^bจ531ม 2544
100 0  จิรากรณ์ คชเสนี
245 10 หลักนิเวศวิทยา /^cจิรากรณ์ คชเสนี
250    พิมพ์ครั้งที่ 3
260    กรุงเทพฯ :^bสำนักพิมพ์แห่งจุฬาลงกรณ์มหาวิทยาลัย,^c2544
300    319 หน้า :^bภาพประกอบสี ;^c21 ซม.
650  7 นิเวศวิทยา
650  7 ระบบนิเวศ
710 1  จุฬาลงกรณ์มหาวิทยาลัย
945    ^p260^l0^i015122
945    ^p260^l0^i015168
995    ทศพร
999 ^a ทศพร
รายการนี้ยังไม่มีแท็ก
คุณยังไม่ได้ล็อกอิน คุณสามารถมีกิจกรรมร่วมกับเว็บไซต์ได้ แต่ต้องล็อกอินก่อน ::
  ล็อกอิน

รายการสื่อสารสนเทศ

ลำดับที่ ประเภท เลขเรียก/บาร์โค้ด สถานที่ สถานะ
- ไม่พบข้อมูล -

รายการใกล้เคียง
    ผู้แต่ง [จิรากรณ์ คชเสนี]

    หัวเรื่อง [นิเวศวิทยา]

BibComment


ยังไม่เคยถูกคอมเมนท์

คอมเมนท์ทรัพยากรรายการนี้
  คอมเมนท์: หลักนิเวศวิทยา จ..


 Copyright 2026. Bcnsprnw @Library